<?xml version="1.0" encoding="UTF-8"?><marc:collection xmlns:marc="http://www.loc.gov/MARC21/slim">
  <marc:record>
    <marc:leader>00000nam  2200000za 4500</marc:leader>
    <marc:controlfield tag="001">9.845384</marc:controlfield>
    <marc:controlfield tag="003">CaOODSP</marc:controlfield>
    <marc:controlfield tag="005">20221107152946</marc:controlfield>
    <marc:controlfield tag="007">cr |||||||||||</marc:controlfield>
    <marc:controlfield tag="008">171011s2017    quca    obu  f000 0 fre d</marc:controlfield>
    <marc:datafield tag="040" ind1=" " ind2=" ">
      <marc:subfield code="a">CaOODSP</marc:subfield>
      <marc:subfield code="b">fre</marc:subfield>
    </marc:datafield>
    <marc:datafield tag="043" ind1=" " ind2=" ">
      <marc:subfield code="a">n-cn---</marc:subfield>
    </marc:datafield>
    <marc:datafield tag="086" ind1="1" ind2=" ">
      <marc:subfield code="a">P29-003-140-001-2017F-PDF</marc:subfield>
    </marc:datafield>
    <marc:datafield tag="245" ind1="0" ind2="0">
      <marc:subfield code="a">Méthodes d’essai des produits pétroliers et produits connexes </marc:subfield>
      <marc:subfield code="h">[ressource électronique] : </marc:subfield>
      <marc:subfield code="b">essai d’écoulement à basse température (EÉBT) des combustibles diesels.</marc:subfield>
    </marc:datafield>
    <marc:datafield tag="246" ind1="3" ind2="0">
      <marc:subfield code="a">Essai d’écoulement à basse température (EÉBT) des combustibles diesels</marc:subfield>
    </marc:datafield>
    <marc:datafield tag="260" ind1=" " ind2=" ">
      <marc:subfield code="a">Gatineau, QC : </marc:subfield>
      <marc:subfield code="b">Office des normes générales du Canada, </marc:subfield>
      <marc:subfield code="c">2017.</marc:subfield>
    </marc:datafield>
    <marc:datafield tag="300" ind1=" " ind2=" ">
      <marc:subfield code="a">ii, 11 p. : </marc:subfield>
      <marc:subfield code="b">ill.</marc:subfield>
    </marc:datafield>
    <marc:datafield tag="490" ind1="1" ind2=" ">
      <marc:subfield code="a">Norme nationale du Canada ; </marc:subfield>
      <marc:subfield code="v">CAN/CGSB-3.0, n° 140.1-2017</marc:subfield>
    </marc:datafield>
    <marc:datafield tag="500" ind1=" " ind2=" ">
      <marc:subfield code="a">Publ. aussi en anglais sous le titre : Methods of testing petroleum and associated products: low temperature flow test (LTFT) for diesel fuels.</marc:subfield>
    </marc:datafield>
    <marc:datafield tag="500" ind1=" " ind2=" ">
      <marc:subfield code="a">« Remplace CAN/CGSB-3.0, n° 140.1-2005. »</marc:subfield>
    </marc:datafield>
    <marc:datafield tag="500" ind1=" " ind2=" ">
      <marc:subfield code="a">« ICS 71.040.50. »</marc:subfield>
    </marc:datafield>
    <marc:datafield tag="500" ind1=" " ind2=" ">
      <marc:subfield code="a">« Publiée, octobre 2017. »</marc:subfield>
    </marc:datafield>
    <marc:datafield tag="504" ind1=" " ind2=" ">
      <marc:subfield code="a">Comprend des références bibliographiques.</marc:subfield>
    </marc:datafield>
    <marc:datafield tag="520" ind1=" " ind2=" ">
      <marc:subfield code="a">« La présente méthode permet de déterminer la tendance des combustibles diesels à colmater les filtres à basse température généralement en raison de la formation de cristaux de cire. La méthode s’applique à tous les combustibles diesels distillés. Il est prévu que les combustibles s’écouleront librement dans le matériel automobile à des températures égales ou supérieures à la température d’écoulement minimale d’acceptation décrite en 3.1.1. La méthode est référencée et comparée dans D4539 de l’ASTM. La mise à l’essai et l’évaluation d’un produit en regard de la présente méthode peuvent nécessiter l’emploi de matériaux ou d’équipement susceptibles d’être dangereux. La présente méthode n’entend pas traiter de tous les aspects liés à la sécurité de son utilisation »--Objet, p. 1.</marc:subfield>
    </marc:datafield>
    <marc:datafield tag="692" ind1="0" ind2="7">
      <marc:subfield code="2">gccst</marc:subfield>
      <marc:subfield code="a">Carburant diesel</marc:subfield>
    </marc:datafield>
    <marc:datafield tag="692" ind1="0" ind2="7">
      <marc:subfield code="2">gccst</marc:subfield>
      <marc:subfield code="a">Test</marc:subfield>
    </marc:datafield>
    <marc:datafield tag="692" ind1="0" ind2="7">
      <marc:subfield code="2">gccst</marc:subfield>
      <marc:subfield code="a">Norme</marc:subfield>
    </marc:datafield>
    <marc:datafield tag="710" ind1="2" ind2=" ">
      <marc:subfield code="a">Conseil canadien des normes.</marc:subfield>
    </marc:datafield>
    <marc:datafield tag="710" ind1="2" ind2=" ">
      <marc:subfield code="a">Office des normes générales du Canada.</marc:subfield>
    </marc:datafield>
    <marc:datafield tag="775" ind1="0" ind2="8">
      <marc:subfield code="t">Methods of testing petroleum and associated products </marc:subfield>
      <marc:subfield code="w">(CaOODSP)9.845380</marc:subfield>
    </marc:datafield>
    <marc:datafield tag="794" ind1=" " ind2=" ">
      <marc:subfield code="t">Méthodes d'essai des produits pétroliers et produits connexes : </marc:subfield>
      <marc:subfield code="b">2022</marc:subfield>
      <marc:subfield code="w">(CaOODSP)9.916661</marc:subfield>
    </marc:datafield>
    <marc:datafield tag="795" ind1=" " ind2=" ">
      <marc:subfield code="t">Méthodes d'essai des produits pétroliers et produits connexes </marc:subfield>
      <marc:subfield code="b">2005</marc:subfield>
      <marc:subfield code="w">(CaOODSP)9.839473</marc:subfield>
    </marc:datafield>
    <marc:datafield tag="830" ind1="#" ind2="0">
      <marc:subfield code="a">Norme nationale du Canada ;</marc:subfield>
      <marc:subfield code="v">CAN/CGSB-3.0, n° 140.1-2017</marc:subfield>
      <marc:subfield code="w">(CaOODSP)9.504227</marc:subfield>
    </marc:datafield>
    <marc:datafield tag="856" ind1="4" ind2="0">
      <marc:subfield code="q">PDF</marc:subfield>
      <marc:subfield code="s">872 Ko</marc:subfield>
      <marc:subfield code="u">https://publications.gc.ca/collections/collection_2017/ongc-cgsb/P29-003-140-001-2017-fra.pdf</marc:subfield>
    </marc:datafield>
  </marc:record>
</marc:collection>
